Design of concrete structures (Record no. 3628)

000 -LEADER
fixed length control field 00663nam a2200229 a 4500
001 - CONTROL NUMBER
control field 3628
003 - CONTROL NUMBER IDENTIFIER
control field BD-DhUET
008 - FIXED-LENGTH DATA ELEMENTS--GENERAL INFORMATION
fixed length control field 850621s1985 enka b 101 0 eng
020 ## - INTERNATIONAL STANDARD BOOK NUMBER
International Standard Book Number 007Y665486
040 ## - CATALOGING SOURCE
Original cataloging agency DLC
Transcribing agency DLC
Modifying agency BD-DhUET
082 00 - DEWEY DECIMAL CLASSIFICATION NUMBER
Classification number 624.183
Item number NIL/1986
100 ## - MAIN ENTRY--PERSONAL NAME
Personal name Nilson, Arthur H.
245 00 - TITLE STATEMENT
Title Design of concrete structures
Statement of responsibility, etc. by Arthur H. Nilson and George Winter
250 ## - EDITION STATEMENT
Edition statement 10th ed.
260 ## - PUBLICATION, DISTRIBUTION, ETC. (IMPRINT)
Place of publication, distribution, etc. New York:
Name of publisher, distributor, etc. McGraw Hill Book Company,
Date of publication, distribution, etc. 1986.
300 ## - PHYSICAL DESCRIPTION
Extent xi, 380 p. :
Other physical details ill. ;
Dimensions 23 cm.
490 ## - SERIES STATEMENT
Series statement Civil engineering series
504 ## - BIBLIOGRAPHY, ETC. NOTE
Bibliography, etc Includes bibliographies
650 #0 - SUBJECT ADDED ENTRY--TOPICAL TERM
Topical term or geographic name as entry element Reinforced concrete
700 ## - ADDED ENTRY--PERSONAL NAME
Personal name Winter, George
942 ## - ADDED ENTRY ELEMENTS (KOHA)
Koha item type General Book
Holdings
Date acquired Not for loan Source of classification or shelving scheme Koha date last borrowed Koha issues (times borrowed) Damaged status Price effective from Koha item type Koha out on loan Koha renewals Location (home branch) Piece designation (barcode) Copy number Shelving location Koha normalized classification for sorting Sublocation or collection (holding branch) Koha full call number Lost status Koha date last seen Withdrawn status
2014-11-02  2026-02-236 2014-11-02General Book2027-02-231Central Library, BUET778731Circulation section624_000000000000000_183NIL1986Central Library, BUET624.183/NIL/1986 2026-02-23 
1990-10-23     2024-12-04Rental Item  Central Library, BUET77816১০/ক-১Rental section624_183000000000000_NIL_1986Central Library, BUET624.183 NIL/1986 2024-12-04 
1990-10-23     2024-12-04Rental Item  Central Library, BUET77817১০/ক-২Rental section624_183000000000000_NIL_1986Central Library, BUET624.183 NIL/1986 2024-12-04 
1990-10-23     2024-12-04Rental Item  Central Library, BUET77818১০/ক-৩Rental section624_183000000000000_NIL_1986Central Library, BUET624.183 NIL/1986 2024-12-04 
1990-10-23     2024-12-04Rental Item  Central Library, BUET77819১০/ক-৪Rental section624_183000000000000_NIL_1986Central Library, BUET624.183 NIL/1986 2024-12-04 
1990-10-23     2024-12-04Rental Item  Central Library, BUET77820১০/ক-৫Rental section624_183000000000000_NIL_1986Central Library, BUET624.183 NIL/1986 2024-12-04 
1990-10-23     2024-12-04Rental Item  Central Library, BUET77821১০/ক-৬Rental section624_183000000000000_NIL_1986Central Library, BUET624.183 NIL/1986 2024-12-04 
1990-10-23     2024-12-04Rental Item  Central Library, BUET77822১০/ক-৭Rental section624_183000000000000_NIL_1986Central Library, BUET624.183 NIL/1986 2024-12-04 
1990-10-23     2024-12-04Rental Item  Central Library, BUET77823১০/ক-৮Rental section624_183000000000000_NIL_1986Central Library, BUET624.183 NIL/1986 2024-12-04 
1990-10-23     2024-12-04Rental Item  Central Library, BUET77824১০/ক-৯Rental section624_183000000000000_NIL_1986Central Library, BUET624.183 NIL/1986 2024-12-04 
1990-10-23     2024-12-04Rental Item  Central Library, BUET77825১০/ক-১০Rental section624_183000000000000_NIL_1986Central Library, BUET624.183 NIL/1986 2024-12-04 
1990-10-23     2024-12-04Rental Item  Central Library, BUET77826১০/ক-১১Rental section624_183000000000000_NIL_1986Central Library, BUET624.183 NIL/1986 2024-12-04 
1990-10-23     2024-12-04Rental Item  Central Library, BUET77827১০/ক-১২Rental section624_183000000000000_NIL_1986Central Library, BUET624.183 NIL/1986 2024-12-04 
1990-10-23     2024-12-04Rental Item  Central Library, BUET77828১০/ক-১৩Rental section624_183000000000000_NIL_1986Central Library, BUET624.183 NIL/1986 2024-12-04 
1990-10-23     2024-12-04Rental Item  Central Library, BUET77829১০/ক-১৪Rental section624_183000000000000_NIL_1986Central Library, BUET624.183 NIL/1986 2024-12-04 
1990-10-23     2024-12-04Rental Item  Central Library, BUET77830১০/ক-১৫Rental section624_183000000000000_NIL_1986Central Library, BUET624.183 NIL/1986 2024-12-04 
1990-10-23     2024-12-04Rental Item  Central Library, BUET77831১০/ক-১৬Rental section624_183000000000000_NIL_1986Central Library, BUET624.183 NIL/1986 2024-12-04 
1990-10-23     2024-12-04Rental Item  Central Library, BUET77832১০/ক-১৭Rental section624_183000000000000_NIL_1986Central Library, BUET624.183 NIL/1986 2024-12-04 
1990-10-23     2024-12-04Rental Item  Central Library, BUET77833১০/ক-১৮Rental section624_183000000000000_NIL_1986Central Library, BUET624.183 NIL/1986 2024-12-04 
1990-10-23     2024-12-04Rental Item  Central Library, BUET77834১০/ক-১৯Rental section624_183000000000000_NIL_1986Central Library, BUET624.183 NIL/1986 2024-12-04 
1990-10-23     2024-12-04Rental Item  Central Library, BUET77835১০/ক-২০Rental section624_183000000000000_NIL_1986Central Library, BUET624.183 NIL/1986 2024-12-04